Der Brief des Remigius von Auxerre um 900 über die Ungarn

Elmentve itt :
Bibliográfiai részletek
Szerző: Heilig Konrad Josef
Dokumentumtípus: Cikk
Megjelent: 1933
Sorozat:A Gróf Klebelsberg Kunó Magyar Történetkutató Intézet évkönyve = Jahrbuch des Graf Klebelsberg Kuno Instituts für ungarische Geschichtsforschung in Wien
Kulcsszavak:Honfoglalás - magyar
Tárgyszavak:
Online Access:http://misc.bibl.u-szeged.hu/65448
LEADER 00907nab a2200229 i 4500
001 misc65448
005 20221005132812.0
008 220413s1933 hu o 0|| ger d
040 |a SZTE Miscellanea Repozitórium  |b hun 
041 |a ger 
041 |a lat 
100 1 |a Heilig Konrad Josef 
245 1 4 |a Der Brief des Remigius von Auxerre um 900 über die Ungarn  |h [elektronikus dokumentum] /  |c  Heilig Konrad Josef 
260 |c 1933 
300 |a 7-30  |c 25 cm 
490 0 |a A Gróf Klebelsberg Kunó Magyar Történetkutató Intézet évkönyve = Jahrbuch des Graf Klebelsberg Kuno Instituts für ungarische Geschichtsforschung in Wien 
561 |a Németh Gyula hagyaték 
591 |a NOH 2285 
650 4 |a Bölcsészettudományok 
650 4 |a Történettudomány és régészet 
695 |a Honfoglalás - magyar 
856 4 0 |u http://misc.bibl.u-szeged.hu/65448/1/2285_noh_h54.pdf  |z Dokumentum-elérés